000
00315nam a2200133Ia 4500
005
20251222140109.0
008
251222s1900||||xx |||||||||||||| ||spa||
082
_a
180/A65G/T.II
100
_a
Aquino, Santo Tomás de
245
0
_a
Suma Contra los Gentiles
250
_a
2a.ed.
264
_b
Católica
942
_c
LIB
999
_c
4224
_d
4224